| 000 | 00531nam a2200181Ia 4500 | ||
|---|---|---|---|
| 001 | 16485 | ||
| 005 | 20260306170313.0 | ||
| 008 | 260306t2022||||xx |||||||||||||| ||und|| | ||
| 041 | _aESP | ||
| 082 |
_a348.6 _bL25O |
||
| 100 |
_aLara Arnao, Ruth Jaqueline _eAUT |
||
| 245 | 0 |
_aObligaciones en seguridad y salud en el trabajo: _bModelos y formatos del sistema de gestión en seguridad y salud en el trabajo |
|
| 260 | _c2022 | ||
| 300 |
_a64 páginas : _c24 cm. |
||
| 650 | _aGEN | ||
| 654 | _aCDE | ||
| 942 |
_cLIB _dJUS _fJUS _2ddc _n |
||
| 999 |
_c16485 _d16485 |
||